The later renaissance /

Bibliographic Details
Main Author: Hannay, David, 1853-1934
Format: Book
Language:English
Published: New York : C. Scribner's sons, 1898.
Series:Periods of European literature, VI
Subjects:

MARC

Tag First Indicator Second Indicator Subfields
LEADER 00000cam a2200000 4500
001 in00000027689
005 20151007062709.0
008 800701s1898 nyu 00010 eng d
010 |a  06006978  
035 |a (OCoLC)06477076 
035 |9 AAD5580AM 
040 |c TXA  |d UtOrBLW 
049 |a TXAM  |c [2863] 
050 0 |a PN741  |b .H3 
092 |a 809  |b H19 
100 1 |a Hannay, David,  |d 1853-1934. 
245 1 4 |a The later renaissance /  |c by David Hannay. 
264 1 |a New York :  |b C. Scribner's sons,  |c 1898. 
300 |a xiii, 381 pages ;  |c 20 cm. 
336 |a text  |b txt  |2 rdacontent 
337 |a unmediated  |b n  |2 rdamedia 
338 |a volume  |b nc  |2 rdacarrier 
490 0 |a Periods of European literature, VI 
505 0 |a The later renaissance in Spain.--The Spanish learned poets.--The growth and decadence of the Spanish drama.--Forms of the Spanish drama.--Spanish prose romance.--Spain: historians, miscellaneous writers, and the mystics.--Elizabethan poetry.--The earlier dramatists.--The Elizabethan prose-writers.--France. Poetry of the later renaissance.--French prose-writers of the later sixteenth century.--The later renaissance in Italy.--Conclusion. 
650 0 |a Literature, Modern  |y 15th and 16th centuries  |x History and criticism. 
650 0 |a Renaissance. 
650 0 |a Spanish literature  |x History and criticism. 
999 |a MARS 
999 f f |s e7700d76-eb65-362f-8510-ecb1904bca46  |i 7cf1e9ee-5117-374d-b7fe-5ff0ed7e2dbc  |t 0 
952 f f |p ric  |a Texas A&M University  |b Rellis Campus  |c Joint Library Facility  |d Remote Storage  |t 0  |e PN741 .H3  |h Library of Congress classification  |i unmediated -- volume  |m A14801205040 
998 f f |a PN741 .H3  |t 0  |l Remote Storage